Report for the Period 1st Jan 30th June (Record no. 183277)

000 -LEADER
fixed length control field 00771 a2200181 4500
003 - CONTROL NUMBER IDENTIFIER
control field Nust
005 - DATE AND TIME OF LATEST TRANSACTION
control field 20170207153301.0
040 ## - CATALOGING SOURCE
Transcribing agency Nust
082 ## - DEWEY DECIMAL CLASSIFICATION NUMBER
Classification number 621.388
100 ## - MAIN ENTRY--PERSONAL NAME
Personal name PTA
245 ## - TITLE STATEMENT
Title Report for the Period 1st Jan 30th June
Statement of responsibility, etc. PTA
260 ## - PUBLICATION, DISTRIBUTION, ETC.
Place of publication, distribution, etc. Pakistan
Name of publisher, distributor, etc. PTA
300 ## - PHYSICAL DESCRIPTION
Extent 146p
505 ## - FORMATTED CONTENTS NOTE
Formatted contents note Foreword Studies Conducted (Page-1),Regulation And Guidelines (Page-58),Licenses And Type Approvals (Page-81),Steps To Protect Consumers Interest (Page-94),Budget And Finance (Page-112),Vested Property Status (Page-116), Performance Of Government (Page-125),Brief Of The Decisions (Page-132),Representation Of Authority (Page-141),Future Action Plan (Page-145),Organization Chart (Page-147).
538 ## - SYSTEM DETAILS NOTE
System details note Almirah No 40 Shelf No.6
600 ## - SUBJECT ADDED ENTRY--PERSONAL NAME
Personal name PTA
650 ## - SUBJECT ADDED ENTRY--TOPICAL TERM
Topical term or geographic name entry element Report
942 ## - ADDED ENTRY ELEMENTS (KOHA)
Source of classification or shelving scheme
Koha item type Book
Holdings
Withdrawn status Lost status Source of classification or shelving scheme Damaged status Not for loan Collection code Permanent Location Current Location Date acquired Total Checkouts Full call number Barcode Date last seen Price effective from Koha item type
            Military College of Signals (MCS) Military College of Signals (MCS) 12/12/2016   621.388 PTA MCS27962 12/08/2016 12/12/2016 Book
© 2023 Central Library, National University of Sciences and Technology. All Rights Reserved.